Cristalización y modificación del hábito cristalino del antihipertensivo irbesartán: diseño y control del proceso a escala de laboratorio
Guardat en:
| Autor principal: | |
|---|---|
| Altres autors: | |
| Format: | Llibre |
| Idioma: | Spanish |
| Publicat: |
San José, Costa Rica
2018
|
| Matèries: | |
| Etiquetes: |
Afegir etiqueta
Sense etiquetes, Sigues el primer a etiquetar aquest registre!
|
MARC
| LEADER | 00000nam a22000007a 4500 | ||
|---|---|---|---|
| 003 | 013012 | ||
| 005 | 20230525152433.0 | ||
| 008 | 190403b2018 c a|||| |m|| 00| ||spa d | ||
| 040 | |c cru CEDI | ||
| 100 | |9 563 |a Urgellés Ventura, Mariola, 1994- | ||
| 245 | |a Cristalización y modificación del hábito cristalino del antihipertensivo irbesartán: diseño y control del proceso a escala de laboratorio | ||
| 260 | |a San José, Costa Rica |c 2018 | ||
| 500 | |a Proyecto de graduación(licenciatura en ingeniería química)--Universidad de Costa Rica. Facultad de Ingeniería. Escuela de Ingeniería Química | ||
| 501 | |a Directora de Proyecto de Graduación: Natalia Hernández Montero | ||
| 650 | |x IRBESARTAN - INVESTIGACIONES |x TERMODINAMICA - MEDICIONES |x POLIMORFISMO (CRISTALOGRAFIA) |x DISOLVENTES - PRUEBAS |x CRISTALIZACION - TECNICAS | ||
| 700 | |9 375 |a Hernández Montero, Natalia, 1981- |d Directora del TFG | ||
| 942 | |c CEDI |h TFG 8162 |6 TFG_8162_000000000000000 | ||
| 999 | |c 21652 |d 21652 | ||
